Исследование магнитного поля в воздушном зазоре двигателя постоянного тока, работающего под нагрузкой; Известия Томского политехнического института [Известия ТПИ]; Т. 284 : Электрические машины
| Parent link: | Известия Томского политехнического института [Известия ТПИ]/ Томский политехнический институт (ТПИ).— , 1944-1976 Т. 284 : Электрические машины.— 1974.— [С. 56-59] |
|---|---|
| Autor Principal: | |
| Outros autores: | , |
| Summary: | Заглавие с титульного листа Электронная версия печатной публикации Приводятся результаты исследований магнитного поля при работе двигателя постоянного тока под нагрузкой. При исследованиях ток якоря увеличивался от тока холостого хода до номинального. Показано влияние перераспределения основного потока на величину зубцовых пульсаций потока под полюсным наконечником. |
| Idioma: | ruso |
| Publicado: |
1974
|
| Subjects: | |
| Acceso en liña: | Черно-белая версия для предварительного просмотра Цветная версия без потери качества |
| Formato: | Electrónico Capítulo de libro |
| KOHA link: | https://koha.lib.tpu.ru/cgi-bin/koha/opac-detail.pl?biblionumber=238958 |
MARC
| LEADER | 00000nla2a2200000 4500 | ||
|---|---|---|---|
| 001 | 238958 | ||
| 005 | 20231031205304.0 | ||
| 035 | |a (RuTPU)RU\TPU\book\260169 | ||
| 035 | |a RU\TPU\book\260167 | ||
| 090 | |a 238958 | ||
| 100 | |a 20130603d1974 k y0rusy50 ca | ||
| 101 | 0 | |a rus | |
| 102 | |a RU | ||
| 135 | |a drnn ---uucaa | ||
| 181 | 0 | |a i | |
| 182 | 0 | |a b | |
| 200 | 1 | |a Исследование магнитного поля в воздушном зазоре двигателя постоянного тока, работающего под нагрузкой |b Электронный ресурс |f К. А. Хорьков, В. Н. Дмитриев, Е. Е. Дутлов | |
| 203 | |a Текст |c электронный | ||
| 215 | |a 2 файла (180 Кб, 6.1 Мб) | ||
| 230 | |a Электронные текстовые данные (2 файла : 180 Кб, 6.1 Мб) | ||
| 300 | |a Заглавие с титульного листа | ||
| 300 | |a Электронная версия печатной публикации | ||
| 320 | |a [Библиогр.: с. 59 (1 назв.)] | ||
| 330 | |a Приводятся результаты исследований магнитного поля при работе двигателя постоянного тока под нагрузкой. При исследованиях ток якоря увеличивался от тока холостого хода до номинального. Показано влияние перераспределения основного потока на величину зубцовых пульсаций потока под полюсным наконечником. | ||
| 337 | |a Adobe Reader | ||
| 461 | 1 | |0 (RuTPU)RU\TPU\book\200995 |t Известия Томского политехнического института [Известия ТПИ] |f Томский политехнический институт (ТПИ) |d 1944-1976 | |
| 463 | 1 | |0 (RuTPU)RU\TPU\book\260148 |t Т. 284 : Электрические машины |v [С. 56-59] |d 1974 |p 176 с. | |
| 610 | 1 | |a электронный ресурс | |
| 610 | 1 | |a труды учёных ТПУ | |
| 675 | |a 621.313.322.0015 |v 3 | ||
| 700 | 1 | |a Хорьков |b К. А. |c российский ученый, специалист в области электротехники |c профессор кафедры робототехнических систем Томского политехнического университета |f 1936-2002 |g Константин Александрович |2 stltpush |3 (RuTPU)RU\TPU\pers\19881 | |
| 701 | 1 | |a Дмитриев |b В. Н. | |
| 701 | 1 | |a Дутлов |b Е. Е. | |
| 801 | 1 | |a RU |b 63413507 |c 20090320 |g PSBO | |
| 801 | 2 | |a RU |b 63413507 |c 20130618 |g PSBO | |
| 856 | 4 | |u http://www.lib.tpu.ru/fulltext/v/Bulletin_TPU/1974/v284/10_bw.pdf |z Черно-белая версия для предварительного просмотра | |
| 856 | 4 | |u http://www.lib.tpu.ru/fulltext/v/Bulletin_TPU/1974/v284/10_full.pdf |z Цветная версия без потери качества | |
| 942 | |c CF | ||